[Event "GER-ch Net Amateur Gr-C Vor2"]
[Site "Playchess.com INT"]
[Date "2020.04.15"]
[Round "2"]
[White "Glaeser, Alexander"]
[Black "Habinski, David"]
[Result "0-1"]
[WhiteElo "1620"]
[BlackElo "1354"]
[PlyCount "118"]
[EventDate "2020.04.15"]
[EventType "swiss (blitz)"]
[EventRounds "9"]
[EventCountry "GER"]
[SourceTitle "CBM 196 Extra"]
[Source "ChessBase"]
[SourceDate "2020.07.31"]
[SourceVersion "1"]
[SourceVersionDate "2020.07.31"]
[SourceQuality "1"]

1. e4 d5 2. exd5 Qxd5 3. Nc3 Qd8 4. Nf3 Nf6 5. d4 e6 6. Bb5+ Bd7 7. Bxd7+ Nbxd7 8. Be3 Bb4 9. Qd2 Ne4 10. Qd3 Nxc3 11. bxc3 Bd6 12. 0-0 0-0 13. Ng5 g6 14. h4 Nf6 15. c4 Be7 16. d5 exd5 17. cxd5 Qxd5 18. Bd4 Rad8 19. Rfd1 Qf5 20. Qxf5 gxf5 21. Bxf6 Bxf6 22. Rab1 Bxg5 23. hxg5 b6 24. Rxd8 Rxd8 25. Kh2 Kg7 26. Kh3 Rd2 27. Kg3 Rxc2 28. Ra1 c5 29. f3 c4 30. Kh4 c3 31. g3 Rb2 32. Rc1 c2 33. a3 Ra2 34. g4 Rxa3 35. Rxc2 Rxf3 36. gxf5 Rxf5 37. Kg4 Rc5 38. Ra2 a5 39. Rb2 b5 40. Ra2 a4 41. Kf3 Rc4 42. Ke2 b4 43. Kd2 b3 44. Rb2 Rc2+ 45. Rxc2 bxc2 46. Kxc2 a3 47. Kb1 Kg6 48. Ka2 Kxg5 49. Kxa3 h5 50. Kb2 h4 51. Kc2 h3 52. Kd2 h2 53. Ke1 h1Q+ 54. Ke2 Qh3 55. Kd2 Kf4 56. Ke2 Qe3+ 57. Kd1 Qf2 58. Kc1 Ke3 59. Kd1 Qd2# 0-1

[Event "GER-ch Net Amateur Gr-C Vor2"]
[Site "Playchess.com INT"]
[Date "2020.04.15"]
[Round "8"]
[White "Habinski, David"]
[Black "Winkler, Andreas"]
[Result "1/2-1/2"]
[WhiteElo "1451"]
[BlackElo "1488"]
[PlyCount "67"]
[EventDate "2020.04.15"]
[EventType "swiss (blitz)"]
[EventRounds "9"]
[EventCountry "GER"]
[SourceTitle "CBM 196 Extra"]
[Source "ChessBase"]
[SourceDate "2020.07.31"]
[SourceVersion "1"]
[SourceVersionDate "2020.07.31"]
[SourceQuality "1"]

1. e4 e5 2. Nf3 Nc6 3. Bc4 Bc5 4. 0-0 Nf6 5. d3 0-0 6. Nc3 h6 7. h3 d6 8. Be3 Bxe3 9. fxe3 Be6 10. Bb3 Qd7 11. d4 Bxh3 12. gxh3 Qxh3 13. Qe2 exd4 14. exd4 Rfe8 15. Qg2 Qxg2+ 16. Kxg2 d5 17. e5 Ng4 18. Rae1 Rad8 19. Kg3 h5 20. Nxd5 Re6 21. Nxc7 Rg6 22. Kh4 Nh6 23. Ng5 Na5 24. Bxf7+ Nxf7 25. Nxf7 Rd7 26. e6 Rxd4+ 27. Kh3 h4 28. e7 Rg3+ 29. Kh2 Rd2+ 30. Kh1 Rh3+ 31. Kg1 Rg3+ 32. Kh1 Rh3+ 33. Kg1 Rg3+ 34. Kh1 1/2-1/2

[Event "GER-ch Net Amateur Gr-C Vor1"]
[Site "Playchess.com INT"]
[Date "2020.04.14"]
[Round "8"]
[White "Radeke, Rico"]
[Black "Habinski, David"]
[Result "1-0"]
[WhiteElo "1483"]
[BlackElo "1620"]
[PlyCount "59"]
[EventDate "2020.04.14"]
[EventType "swiss (blitz)"]
[EventRounds "9"]
[EventCountry "GER"]
[SourceTitle "CBM 196 Extra"]
[Source "ChessBase"]
[SourceDate "2020.07.31"]
[SourceVersion "1"]
[SourceVersionDate "2020.07.31"]
[SourceQuality "1"]

1. d4 d5 2. c4 e6 3. Nc3 Nf6 4. e3 Be7 5. Nf3 0-0 6. a3 b6 7. cxd5 exd5 8. b4 Bb7 9. Ke2 c5 10. bxc5 bxc5 11. g3 Qa5 12. Qc2 cxd4 13. Nxd4 Bc5 14. Bg2 Bxd4 15. exd4 Re8+ 16. Kd1 Qa6 17. Re1 Rxe1+ 18. Kxe1 Qe6+ 19. Qe2 Qxe2+ 20. Kxe2 Nc6 21. Be3 Re8 22. Kd2 Na5 23. Rb1 Nc4+ 24. Kd3 Bc8 25. Ke2 Bf5 26. Rb5 Nxa3 27. Ra5 Nc4 28. Rxa7 Be4 29. f3 Bf5 30. g4 1-0